Statistics for 6 Letter Sport Teams

Click here to take the quiz!

General Stats

  • This quiz has been taken 72 times
    (47 since last reset)
  • The average score is 22 of 27

Answer Stats

HintAnswer% Correct
NFLCleveland Browns
100%
NFLNew Orleans Saints
96%
NFLHouston Texans
91%
NFLNew York Giants
91%
MLBSan Francisco Giants
91%
MLBAtlanta Braves
87%
MLBBoston Red Sox
87%
NFLPhiladelphia Eagles
87%
NFLBaltimore Ravens
83%
NFLKansas City Chiefs
83%
NBALos Angeles Lakers
83%
NHLBoston Bruins
78%
NHLCalgary Flames
78%
MLBDetroit Tigers
78%
NBANew York Knicks
78%
NHLPhiladelphia Flyers
78%
MLBSan Diego Padres
78%
NFLTennessee Titans
78%
NHLBuffalo Sabres
74%
MLBHouston Astros
74%
MLBKansas City Royals
74%
NHLSan Jose Sharks
74%
NHLEdmonton Oilers
70%
NBAIndianapolis Pacers
70%
MLBLos Angeles Angels
70%
NHLNew Jersey Devils
70%
NHLSeattle Kraken
61%

Score Distribution

Percentile by Number Answered

Percent of People with Each Score

Your Score History

You have not taken this quiz since the last reset